[Event "European Youth Chess Championship B16"]
[Site "Prague, Top Hotel Prague"]
[Date "2012.08.20"]
[Round "4.10"]
[White "Mirzoev, Emil"]
[Black "Laurusas, Tomas"]
[Result "0-1"]
[WhiteElo "2241"]
[BlackElo "2402"]
[PlyCount "0"]
[EventDate "2012.08.17"]

1. e4 {[%clk 1:30:52]} c6 {[%clk 1:28:53]} 2. d3 {[%clk 1:30:45]} d5
{[%clk 1:28:52]} 3. Nd2 {[%clk 1:31:09]} g6 {[%clk 1:19:03]} 4. g3
{[%clk 1:29:32]} Bg7 {[%clk 1:19:17]} 5. Bg2 {[%clk 1:29:58]} e5 {[%clk 1:16:52]}
6. Ngf3 {[%clk 1:27:47]} Ne7 {[%clk 1:13:23]} 7. O-O {[%clk 1:28:11]} O-O
{[%clk 1:13:27]} 8. Re1 Qc7 {[%clk 1:11:11]} 9. b4 {[%clk 1:12:18]} a5
{[%clk 0:52:45]} 10. Bb2 {[%clk 1:07:08]} axb4 {[%clk 0:47:48]} 11. exd5
{[%clk 1:07:31]} Nxd5 {[%clk 0:48:12]} 12. Bxe5 {[%clk 1:07:17]} Bxe5
{[%clk 0:46:49]} 13. Nxe5 {[%clk 1:07:46]} Nc3 {[%clk 0:32:26]} 14. Qf3
{[%clk 1:06:31]} Be6 {[%clk 0:25:54]} 15. Qf4 {[%clk 1:03:21]} Qe7
{[%clk 0:26:19]} 16. Ndf3 {[%clk 1:00:24]} Nd7 {[%clk 0:18:50]} 17. Nxd7
{[%clk 0:58:24]} Qxd7 {[%clk 0:19:12]} 18. Qxb4 {[%clk 0:58:27]} Nxa2
{[%clk 0:19:14]} 19. Qb2 {[%clk 0:58:30]} Qd6 {[%clk 0:12:19]} 20. Ng5
{[%clk 0:53:53]} Qb4 {[%clk 0:12:15]} 21. Reb1 {[%clk 0:46:16]} Qxb2
{[%clk 0:04:34]} 22. Rxb2 {[%clk 0:46:45]} Nc3 {[%clk 0:04:54]} 23. Rxa8
{[%clk 0:47:02]} Rxa8 {[%clk 0:05:23]} 24. Nxe6 {[%clk 0:47:30]} fxe6
{[%clk 0:05:44]} 25. Bh3 {[%clk 0:45:55]} b5 {[%clk 0:04:53]} 26. Bxe6+
{[%clk 0:44:58]} Kf8 {[%clk 0:05:21]} 27. Bd7 {[%clk 0:41:05]} Ra6
{[%clk 0:05:50]} 28. Rb3 {[%clk 0:38:13]} Ne2+ {[%clk 0:05:28]} 29. Kg2
{[%clk 0:38:41]} Nd4 {[%clk 0:05:32]} 30. Rb4 {[%clk 0:36:36]} Nxc2
{[%clk 0:05:18]} 31. Re4 {[%clk 0:36:22]} b4 {[%clk 0:04:48]} 32. Re8+
{[%clk 0:34:46]} Kf7 {[%clk 0:02:40]} 33. Re4 {[%clk 0:32:14]} Rb6
{[%clk 0:01:07]} 34. Be6+ {[%clk 0:31:29]} Kf8 {[%clk 0:00:56]} 35. Bb3
{[%clk 0:18:51]} Na1 {[%clk 0:01:24]} 36. Ba4 {[%clk 0:19:16]} b3
{[%clk 0:01:11]} 37. Re1 {[%clk 0:19:39]} Nc2 {[%clk 0:01:33]} 38. Re4
{[%clk 0:19:35]} c5 {[%clk 0:01:38]} 39. Bxb3 {[%clk 0:18:29]} Rxb3
{[%clk 0:02:07]} 40. Rc4 {[%clk 0:48:53]} Ne1+ {[%clk 0:32:31]} 0-1

[Event "European Youth Chess Championship B16"]
[Site "Prague, Top Hotel Prague"]
[Date "2012.08.20"]
[Round "4.11"]
[White "Tomici, Stefan"]
[Black "Beradze, Irakli"]
[Result "1-0"]
[WhiteElo "2177"]
[BlackElo "2331"]
[PlyCount "85"]
[EventDate "2012.08.17"]

1. e4 c5 2. c3 e6 3. Nf3 Nc6 4. Bb5 Nge7 5. d4 cxd4 6. cxd4 d5 7. e5 Bd7 8. Nc3
Nf5 9. O-O Be7 10. Bd3 g6 11. Be3 a6 12. Rc1 b5 13. b3 Rc8 14. Bxf5 gxf5 15.
Bh6 Rg8 16. Ne2 Nb4 17. a3 Rxc1 18. Qxc1 Nc6 19. Nf4 Qa5 20. b4 Qb6 21. Nh5
Nxd4 22. Nxd4 Qxd4 23. Qc7 Qc4 24. Ng7+ Rxg7 25. Qb8+ Bc8 26. Bxg7 f4 27. Bh6
Kd7 28. g3 fxg3 29. hxg3 Qc7 30. Qxc7+ Kxc7 31. Rc1+ Kd7 32. Be3 Bb7 33. f4 h5
34. Kf2 h4 35. g4 Bc6 36. Bd4 a5 37. Rb1 Kc7 38. Kg2 Kb7 39. Kh3 axb4 40. axb4
Bd8 41. g5 Bb6 42. Bxb6 Kxb6 43. Rd1 1-0

[Event "European Youth Chess Championship B16"]
[Site "Prague, Top Hotel Prague"]
[Date "2012.08.20"]
[Round "4.12"]
[White "Haman, Jakub"]
[Black "Lugovskoy, Maxim"]
[Result "0-1"]
[WhiteElo "2137"]
[BlackElo "2312"]
[PlyCount "92"]
[EventDate "2012.08.17"]

1. e4 e6 2. d4 d5 3. Nd2 Nf6 4. e5 Nfd7 5. Bd3 c5 6. c3 Nc6 7. Ne2 cxd4 8. cxd4
f6 9. exf6 Qxf6 10. Nf3 h6 11. O-O Bd6 12. Ng3 O-O 13. Bc2 Rf7 14. Nh5 Qd8 15.
Bg6 Re7 16. Bf4 Nf8 17. Bc2 Rf7 18. Ne5 Bxe5 19. Bxe5 Nxe5 20. dxe5 Qb6 21. Kh1
Bd7 22. f4 Rc8 23. Bb3 a5 24. Rf3 a4 25. Rg3 axb3 26. Nf6+ Rxf6 27. exf6 g6 28.
Qh5 Be8 29. Qxh6 Rc7 30. axb3 Qa6 31. Re1 Qe2 32. Qg7+ Rxg7 33. Rxe2 Rf7 34.
Rc3 Bc6 35. Kg1 Rxf6 36. g3 Rf7 37. h4 Rd7 38. Kf2 Kf7 39. Rc5 Rd8 40. b4 Nd7
41. Ra5 d4 42. b5 Bd5 43. Rc2 e5 44. b6 Ke6 45. fxe5 Kxe5 46. Rc7 d3 0-1

[Event "European Youth Chess Championship B16"]
[Site "Prague, Top Hotel Prague"]
[Date "2012.08.20"]
[Round "4.14"]
[White "Zakhartsov, Vladimir"]
[Black "Radovanovic, Nikola"]
[Result "1-0"]
[WhiteElo "2306"]
[BlackElo "2184"]
[PlyCount "97"]
[EventDate "2012.08.17"]

1. e4 c5 2. Nf3 d6 3. d4 cxd4 4. Nxd4 Nf6 5. Nc3 a6 6. f3 e5 7. Nb3 Be7 8. Be3
Be6 9. Nd5 Nxd5 10. exd5 Bf5 11. Bd3 Bxd3 12. Qxd3 Nd7 13. Qd2 h6 14. g3 a5 15.
a4 Bg5 16. f4 exf4 17. gxf4 Bh4+ 18. Kd1 Bf6 19. Nd4 Nb6 20. Qd3 O-O 21. Nf5
Kh8 22. c3 Rc8 23. Kc2 Re8 24. Rhg1 Nc4 25. Bd4 Bxd4 26. Qxd4 Re2+ 27. Kb1
Rxb2+ 28. Kc1 Qf6 29. Qxf6 gxf6 30. Nxd6 Nxd6 31. Kxb2 Rc5 32. Kb3 Ne4 33. c4
b6 34. Rad1 Nd6 35. Rd4 f5 36. Rg2 Rc7 37. Rd3 Rxc4 38. Rdg3 Rc8 39. Rc3 Rd8
40. Rc6 Kh7 41. Rxb6 Ne4 42. Rb5 Ra8 43. Rb6 Rd8 44. Kc4 Nd6+ 45. Rxd6 Rxd6 46.
Kc5 Rd8 47. d6 Rc8+ 48. Kd5 Rc1 49. Rd2 1-0

[Event "European Youth Chess Championship B16"]
[Site "Prague, Top Hotel Prague"]
[Date "2012.08.20"]
[Round "4.15"]
[White "Studer, Noel"]
[Black "Vanagas, Tadas"]
[Result "1-0"]
[WhiteElo "2273"]
[BlackElo "2067"]
[PlyCount "73"]
[EventDate "2012.08.17"]

1. e4 c5 2. Nf3 e6 3. d4 cxd4 4. Nxd4 Nf6 5. Nc3 d6 6. Be3 a6 7. f3 b5 8. g4 b4
9. Nce2 e5 10. Nb3 h6 11. Bg2 Be6 12. Qd2 Nc6 13. O-O a5 14. Rad1 a4 15. Nbc1
Qa5 16. Ng3 Rd8 17. Kh1 Be7 18. Qf2 Qb5 19. Rfe1 d5 20. Bb6 Rb8 21. Bc7 Rc8 22.
exd5 Rxc7 23. dxe6 fxe6 24. Bf1 Qb7 25. Ne4 O-O 26. Bd3 Nd4 27. c3 bxc3 28.
bxc3 Nb5 29. Qb2 Nxe4 30. Bxe4 Qb8 31. c4 Nd4 32. Qxb8 Rxb8 33. Nd3 Rxc4 34.
Nxe5 Rcb4 35. a3 R4b5 36. Nd7 Bf6 37. Nxf6+ 1-0

[Event "European Youth Chess Championship B16"]
[Site "Prague, Top Hotel Prague"]
[Date "2012.08.20"]
[Round "4.16"]
[White "Kobo, Ori"]
[Black "Navratil, Jiri"]
[Result "1-0"]
[WhiteElo "2249"]
[BlackElo "2066"]
[PlyCount "77"]
[EventDate "2012.08.17"]

1. d4 d5 2. c4 c6 3. Nf3 Nf6 4. Nbd2 e6 5. g3 Nbd7 6. Bg2 Bd6 7. O-O O-O 8. Re1
e5 9. cxd5 cxd5 10. e4 dxe4 11. Nxe4 Nxe4 12. Rxe4 Nf6 13. Bg5 Bf5 14. Bxf6
gxf6 15. Re3 Re8 16. Nh4 Bg6 17. Nxg6 hxg6 18. dxe5 Bxe5 19. Rd3 Qa5 20. Bd5
Re7 21. Qg4 Kg7 22. b4 Qb6 23. Rad1 Rae8 24. h4 Bc7 25. h5 Re2 26. Rf3 Re1+ 27.
Rxe1 Rxe1+ 28. Kh2 Qb5 29. h6+ Kh7 30. Bxf7 Qh5+ 31. Qxh5 gxh5 32. Rxf6 h4 33.
Bc4 hxg3+ 34. fxg3 Be5 35. Bd3+ Kg8 36. h7+ Kg7 37. Rf5 Re3 38. Rg5+ Kh6 39.
Rxe5 1-0

[Event "European Youth Chess Championship B16"]
[Site "Prague, Top Hotel Prague"]
[Date "2012.08.20"]
[Round "4.17"]
[White "Kisic, Bozidar"]
[Black "Kessler, Luca"]
[Result "0-1"]
[WhiteElo "2065"]
[BlackElo "2242"]
[PlyCount "74"]
[EventDate "2012.08.17"]

1. d4 d5 2. c4 e6 3. Nf3 Nf6 4. Nc3 Be7 5. cxd5 exd5 6. Bg5 c6 7. e3 Bf5 8. Be2
Nbd7 9. O-O h6 10. Bh4 O-O 11. Nd2 Re8 12. f3 c5 13. Nb3 c4 14. Nd2 g5 15. Bg3
Qb6 16. Qc1 Bd6 17. Bf2 Qc6 18. a4 Rac8 19. g4 Bg6 20. Re1 a6 21. a5 Qc7 22.
Kg2 Bxh2 23. Nf1 Bd6 24. Ng3 Bb4 25. Nf5 Bxf5 26. gxf5 Bxa5 27. Bg3 Qd8 28. Rh1
Kg7 29. Qg1 Qb6 30. Qh2 Rh8 31. Rxa5 Qxa5 32. Be5 Qb6 33. Nxd5 Qxb2 34. Kf2
Rce8 35. f4 Rxe5 36. Qg2 Rxd5 37. fxg5 Rxf5+ 0-1

[Event "European Youth Chess Championship B16"]
[Site "Prague, Top Hotel Prague"]
[Date "2012.08.20"]
[Round "4.18"]
[White "Korchmar, Vasiliy"]
[Black "David, Alexandru-Vasile"]
[Result "1/2-1/2"]
[WhiteElo "2234"]
[BlackElo "2059"]
[PlyCount "120"]
[EventDate "2012.08.17"]

1. e4 c5 2. Nf3 d6 3. d4 cxd4 4. Nxd4 Nf6 5. Nc3 a6 6. Be2 e5 7. Nb3 Be7 8. O-O
O-O 9. a4 Be6 10. Bf3 Qc7 11. Re1 Rc8 12. Be3 Nbd7 13. h3 Nb6 14. Nd2 h6 15. a5
Nbd7 16. Qe2 Nc5 17. Rec1 Qc6 18. Rd1 Rd8 19. Nc4 Ncxe4 20. Nxe4 Bxc4 21. Nxf6+
Bxf6 22. Bxc6 Bxe2 23. Bxb7 Rab8 24. Rd2 Rxb7 25. Bb6 Bb5 26. Bxd8 Bxd8 27.
Rxd6 Be7 28. Rb6 Rc7 29. c3 f6 30. Rc1 Bb4 31. c4 Bxa5 32. Rb8+ Kf7 33. Ra1
Rxc4 34. Rxa5 Rc1+ 35. Kh2 Rc2 36. Kg3 Rxb2 37. Rxa6 Rb3+ 38. Kh2 Bxa6 39. Rxb3
g5 40. g4 Kg6 41. Kg3 Be2 42. Rb2 Bd1 43. Rd2 Ba4 44. Rd6 Bb5 45. h4 gxh4+ 46.
Kxh4 Be2 47. Rd2 Bf3 48. Rd6 Be2 49. Rd8 Bf3 50. Kg3 Be4 51. f4 exf4+ 52. Kxf4
Bc2 53. Kg3 Bb3 54. Kh4 Bc4 55. Rc8 Be6 56. Rd8 Bb3 57. Kg3 h5 58. gxh5+ Kxh5
59. Rc8 Bf7 60. Kf4 Be6 1/2-1/2

[Event "European Youth Chess Championship B16"]
[Site "Prague, Top Hotel Prague"]
[Date "2012.08.20"]
[Round "4.19"]
[White "Stathopoulos, Ioannis"]
[Black "Machan, Jan"]
[Result "1-0"]
[WhiteElo "2216"]
[BlackElo "2055"]
[PlyCount "78"]
[EventDate "2012.08.17"]

1. Nf3 Nf6 2. c4 e6 3. d4 b6 4. Nc3 Bb7 5. a3 Be7 6. d5 d6 7. g3 e5 8. Bg2 O-O
9. O-O Nh5 10. e4 g6 11. Ne1 Nd7 12. Nd3 Re8 13. Be3 a5 14. b3 Bc8 15. Qd2 f5
16. Rae1 Ndf6 17. f4 exf4 18. Nxf4 Nxf4 19. Bxf4 Nh5 20. Be3 Bf6 21. Bd4 Bxd4+
22. Qxd4 Qf6 23. Qxf6 Nxf6 24. Nb5 Re7 25. exf5 Rxe1 26. Rxe1 Bxf5 27. Nxc7 Rc8
28. Nb5 Bc2 29. Nd4 Bd3 30. Rd1 Be4 31. Nb5 Bc2 32. Rf1 Ne8 33. Bh3 Rd8 34. Nd4
Bd3 35. Rf3 Be4 36. Rf4 Bf5 37. Bxf5 gxf5 38. Rxf5 Ng7 39. Rg5 Kf7 1-0

[Event "European Youth Chess Championship B16"]
[Site "Prague, Top Hotel Prague"]
[Date "2012.08.20"]
[Round "4.20"]
[White "Starcevs, Dmitrijs"]
[Black "Bida, Mihai-Eugen"]
[Result "0-1"]
[WhiteElo "2052"]
[BlackElo "2213"]
[PlyCount "72"]
[EventDate "2012.08.17"]

1. e4 c5 2. Nf3 Nc6 3. d4 cxd4 4. Nxd4 Nf6 5. Nc3 d6 6. Bg5 e6 7. Qd2 a6 8.
O-O-O Bd7 9. f4 h6 10. Bxf6 Qxf6 11. e5 dxe5 12. Ndb5 Qd8 13. Nd6+ Bxd6 14.
Qxd6 Qe7 15. fxe5 Rd8 16. Qxe7+ Kxe7 17. Re1 Nd4 18. Bd3 Bc6 19. Re3 Bxg2 20.
Rg1 Bc6 21. Rxg7 Rhg8 22. Rgg3 Rxg3 23. hxg3 Rg8 24. Be4 Rg5 25. Rd3 Ne2+ 26.
Nxe2 Bxe4 27. Re3 Rxe5 28. Nc3 f5 29. Nxe4 fxe4 30. Kd2 Kf6 31. c4 Rg5 32. b4
Ke5 33. Kc3 Rf5 34. c5 Kd5 35. a3 Rf3 36. Kd2 Kd4 0-1

[Event "European Youth Chess Championship B16"]
[Site "Prague, Top Hotel Prague"]
[Date "2012.08.20"]
[Round "4.21"]
[White "Samdanov, Samdan"]
[Black "Eggink, Ryszard"]
[Result "1-0"]
[WhiteElo "2207"]
[BlackElo "2031"]
[PlyCount "129"]
[EventDate "2012.08.17"]

1. d4 Nf6 2. c4 c5 3. d5 b5 4. cxb5 a6 5. f3 axb5 6. e4 Qa5+ 7. Bd2 b4 8. Na3
d6 9. Nc4 Qc7 10. a3 bxa3 11. Rxa3 Rxa3 12. bxa3 g6 13. Qa4+ Nbd7 14. Qc6 Qb8
15. Nb6 Qxb6 16. Qxc8+ Qd8 17. Qxd8+ Kxd8 18. Ba5+ Kc8 19. Ne2 Kb7 20. Nc3 Bh6
21. Bb5 Ne5 22. Nb1 e6 23. dxe6 fxe6 24. Bc3 Rd8 25. Ke2 Nfd7 26. Rd1 Kc7 27.
a4 Nc6 28. Na3 e5 29. Nc4 Ndb8 30. Rb1 Nd4+ 31. Kd3 Nbc6 32. Bxc6 Nxc6 33. Ba5+
Nxa5 34. Nxa5 Ra8 35. Rb7+ Kc8 36. Rxh7 Rxa5 37. Rxh6 Rxa4 38. Rxg6 Kc7 39. h4
Rd4+ 40. Kc3 d5 41. exd5 Rxh4 42. Kd3 Rd4+ 43. Ke3 Kd7 44. g3 Rd1 45. Ke4 Re1+
46. Kd3 Rd1+ 47. Kc4 Rc1+ 48. Kb5 Rc3 49. Rf6 Ke7 50. Re6+ Kd7 51. Rf6 Ke7 52.
Rg6 Kd7 53. d6 Rxf3 54. Kxc5 e4 55. Rg7+ Kc8 56. Kd5 e3 57. Kc6 Kb8 58. Rg8+
Ka7 59. d7 Rf6+ 60. Kc7 e2 61. Ra8+ Kxa8 62. d8=Q+ Ka7 63. Qxf6 e1=Q 64. Qb6+
Ka8 65. Qb7# 1-0

[Event "European Youth Chess Championship B16"]
[Site "Prague, Top Hotel Prague"]
[Date "2012.08.20"]
[Round "4.22"]
[White "Iovcov, Valerii"]
[Black "Magee, Ronan"]
[Result "1-0"]
[WhiteElo "2191"]
[BlackElo "1981"]
[PlyCount "189"]
[EventDate "2012.08.17"]

1. e4 c5 2. Nf3 d6 3. c3 Nf6 4. Be2 Bg4 5. h3 Bh5 6. O-O e6 7. Re1 Be7 8. d4
Nbd7 9. Nbd2 O-O 10. b3 Rc8 11. Bb2 cxd4 12. cxd4 Bg6 13. Bd3 d5 14. Ne5 Nxe5
15. dxe5 Nd7 16. Bb1 Nc5 17. exd5 Qxd5 18. Bxg6 hxg6 19. Ba3 Rfd8 20. Nc4 Bf8
21. Nd6 Bxd6 22. Qxd5 exd5 23. exd6 Rxd6 24. Rac1 Rdc6 25. Rxc5 Rxc5 26. Bxc5
Rxc5 27. Re8+ Kh7 28. Re7 Rc1+ 29. Kh2 Rc2 30. Rxb7 Rxa2 31. Rxf7 a5 32. f3 Rb2
33. Ra7 Rxb3 34. Rxa5 Rd3 35. Ra6 g5 36. Kg3 Rd2 37. Rd6 d4 38. Rc6 d3 39. Rd6
g6 40. Rd7+ Kh6 41. Rd5 Rd1 42. Kg4 d2 43. Rd7 Ra1 44. Rxd2 Ra4+ 45. Kg3 Kg7
46. Re2 Kf6 47. Re4 Ra2 48. h4 gxh4+ 49. Rxh4 Kg5 50. Rb4 Rc2 51. Rb5+ Kf6 52.
Kh3 Rf2 53. Rb3 Kf5 54. g3 Ra2 55. Rb5+ Kf6 56. Rb6+ Kf5 57. g4+ Kg5 58. f4+
Kxf4 59. Rxg6 Ra1 60. Rf6+ Kg5 61. Rf5+ Kg6 62. Rf2 Kg5 63. Rf5+ Kg6 64. Rb5
Ra3+ 65. Kh4 Ra1 66. Rb6+ Kg7 67. Kh5 Rh1+ 68. Kg5 Rg1 69. Rb7+ Kg8 70. Kf5 Rg2
71. g5 Ra2 72. Rb8+ Kg7 73. Rb7+ Kg8 74. Kg6 Ra6+ 75. Kh5 Ra1 76. Kh6 Rg1 77.
Kg6 Kf8 78. Rb8+ Ke7 79. Rg8 Rg2 80. Kh7 Rh2+ 81. Kg7 Rg2 82. g6 Rg1 83. Ra8
Rg2 84. Ra1 Ke8 85. Re1+ Kd8 86. Kf7 Rf2+ 87. Kg8 Rg2 88. g7 Rg3 89. Re4 Rf3
90. Kh7 Rh3+ 91. Kg6 Rg3+ 92. Kh6 Kd7 93. Re5 Kd6 94. Rg5 Rh3+ 95. Kg6 1-0

[Event "European Youth Chess Championship B16"]
[Site "Prague, Top Hotel Prague"]
[Date "2012.08.20"]
[Round "4.23"]
[White "Kerdik, Adam"]
[Black "Csonka, Balazs"]
[Result "0-1"]
[WhiteElo "1966"]
[BlackElo "2313"]
[PlyCount "54"]
[EventDate "2012.08.17"]

1. e4 e5 2. Nc3 Nc6 3. f4 exf4 4. Nf3 g5 5. h3 Bg7 6. d4 h6 7. d5 Ne5 8. d6
Nxf3+ 9. gxf3 c6 10. Bc4 Be5 11. Qd3 Qf6 12. h4 b5 13. Bb3 a5 14. a3 Ba6 15.
hxg5 hxg5 16. Rxh8 Qxh8 17. Nd5 cxd5 18. Qxd5 Qh1+ 19. Kd2 Qg2+ 20. Ke1 Qg1+
21. Kd2 Qe3+ 22. Kd1 Qxf3+ 23. Kd2 Qe3+ 24. Kd1 Qd4+ 25. Qxd4 Bxd4 26. c3 Be5
27. Bd2 Nf6 0-1

[Event "European Youth Chess Championship B16"]
[Site "Prague, Top Hotel Prague"]
[Date "2012.08.20"]
[Round "4.24"]
[White "Boscolo, Federico"]
[Black "Ulanowski, Karol"]
[Result "0-1"]
[WhiteElo "2328"]
[BlackElo "2035"]
[PlyCount "62"]
[EventDate "2012.08.17"]

1. e4 e5 2. Nf3 Nc6 3. Nc3 Nf6 4. a3 g6 5. Bc4 Bg7 6. d3 O-O 7. Bg5 h6 8. Be3
d6 9. h3 Be6 10. Qd2 Kh7 11. Bxe6 fxe6 12. d4 exd4 13. Nxd4 Nxd4 14. Bxd4 c5
15. Be3 Qb6 16. O-O Rad8 17. b4 Qc6 18. b5 Qc7 19. Rab1 d5 20. exd5 exd5 21. b6
axb6 22. Na4 Ne4 23. Qe2 Rde8 24. Qb5 d4 25. Bc1 Nxf2 26. Rb3 Be5 27. Rxf2 Bh2+
28. Kf1 Qe5 29. Bd2 Rxf2+ 30. Kxf2 Rf8+ 31. Rf3 Qg3+ 0-1

[Event "European Youth Chess Championship B16"]
[Site "Prague, Top Hotel Prague"]
[Date "2012.08.20"]
[Round "4.25"]
[White "Brenner, Stav"]
[Black "Basso, Pier Luigi"]
[Result "1/2-1/2"]
[WhiteElo "2034"]
[BlackElo "2167"]
[PlyCount "44"]
[EventDate "2012.08.17"]

1. e4 e6 2. d4 d5 3. Nc3 Bb4 4. e5 c5 5. Bd2 cxd4 6. Nb5 Bf8 7. Nf3 Nc6 8.
Nbxd4 Qb6 9. Bb5 Bd7 10. Be3 Nxe5 11. Bxd7+ Nxd7 12. O-O Qxb2 13. Rb1 Qxa2 14.
Rxb7 Qa6 15. Qb1 Nb6 16. Ne5 Qxb7 17. Qb5+ Kd8 18. Nec6+ Ke8 19. Ne5+ Kd8 20.
Nec6+ Ke8 21. Ne5+ Kd8 22. Nec6+ Ke8 1/2-1/2

[Event "European Youth Chess Championship B16"]
[Site "Prague, Top Hotel Prague"]
[Date "2012.08.20"]
[Round "4.26"]
[White "Cukrowski, Filip"]
[Black "Hrdina, Robin"]
[Result "1/2-1/2"]
[WhiteElo "2154"]
[BlackElo "2024"]
[PlyCount "97"]
[EventDate "2012.08.17"]

1. e4 e5 2. Nc3 Nc6 3. g3 Bc5 4. Bg2 d6 5. Nge2 Bg4 6. h3 Be6 7. Na4 Qd7 8.
Nxc5 dxc5 9. b3 Nge7 10. d3 O-O-O 11. Ba3 b6 12. Qd2 Nd4 13. O-O-O Qb5 14. Nxd4
exd4 15. Kb1 f6 16. f4 a5 17. g4 a4 18. f5 Bf7 19. g5 axb3 20. cxb3 Rhg8 21. h4
Nc6 22. g6 hxg6 23. fxg6 Bxg6 24. Bh3+ Kb7 25. Be6 Rh8 26. Bc4 Qa5 27. Qxa5
Nxa5 28. Rdg1 Nxc4 29. bxc4 Bh5 30. Rxg7 Rdg8 31. Rxg8 Rxg8 32. Rh2 Rg1+ 33.
Bc1 Kc8 34. Kc2 Kd7 35. Rf2 Rg4 36. Rxf6 Rxh4 37. Rh6 Rh2+ 38. Kb1 Rh1 39. Rh7+
Kd8 40. Kb2 Rh2+ 41. Ka3 Rh3 42. Bg5+ Kc8 43. Kb2 Bg4 44. Rxh3 Bxh3 45. Bd2 Be6
46. a4 Kb7 47. a5 Ka6 48. axb6 cxb6 49. Bf4 1/2-1/2

[Event "European Youth Chess Championship B16"]
[Site "Prague, Top Hotel Prague"]
[Date "2012.08.20"]
[Round "4.27"]
[White "Pavelek, Tomas"]
[Black "Mikes, Jan"]
[Result "0-1"]
[WhiteElo "1974"]
[BlackElo "2125"]
[PlyCount "82"]
[EventDate "2012.08.17"]

1. e4 c6 2. d4 d5 3. Nc3 dxe4 4. Nxe4 Nd7 5. Nf3 Ngf6 6. Ng3 e6 7. Bd3 Be7 8.
Qe2 O-O 9. Bd2 c5 10. O-O cxd4 11. Nxd4 Nc5 12. Bc3 Nd5 13. Rad1 Bf6 14. Ne4
Nxc3 15. bxc3 Nxe4 16. Qxe4 g6 17. f4 Qa5 18. c4 Bg7 19. Nf3 Qxa2 20. Ne5 Qa5
21. h4 Qc5+ 22. Kh1 f6 23. Nf3 a5 24. g4 Bd7 25. h5 f5 26. gxf5 Rxf5 27. hxg6
hxg6 28. Qxb7 Bc6 29. Qxa8+ Bxa8 30. Bxf5 Bxf3+ 31. Rxf3 Qxf5 32. Rd8+ Bf8 33.
Rb3 Qe4+ 34. Kg1 Qxc4 35. Rbb8 Qxf4 36. Ra8 a4 37. c4 a3 38. Kg2 a2 39. Kh3 Qf6
40. Rxf8+ Qxf8 41. Rxf8+ Kxf8 0-1

[Event "European Youth Chess Championship B16"]
[Site "Prague, Top Hotel Prague"]
[Date "2012.08.20"]
[Round "4.28"]
[White "Munteanu, Ali-Eduard"]
[Black "Szotkowski, Jakub"]
[Result "0-1"]
[WhiteElo "1982"]
[BlackElo "2109"]
[PlyCount "74"]
[EventDate "2012.08.17"]

1. d4 Nf6 2. e3 e6 3. Nf3 b6 4. Bd3 Bb7 5. O-O c5 6. b3 cxd4 7. exd4 Be7 8. Bb2
O-O 9. Nbd2 Nc6 10. c4 d5 11. Qe2 g6 12. Rac1 Nh5 13. Qe3 Ng7 14. Rfe1 Bf6 15.
Qf4 Nh5 16. Qe3 Rc8 17. g3 Bg7 18. Ne5 Nf6 19. h3 Rc7 20. f4 Qc8 21. Kh2 Nb4
22. Bb1 dxc4 23. bxc4 a6 24. Qb3 Nc6 25. Qxb6 Rd8 26. Nxc6 Bxc6 27. Qa5 Ba8 28.
Bc3 Ne8 29. Nb3 Rxc4 30. Bd3 Rd5 31. Bxc4 Rxa5 32. Bxa5 Qb7 33. Re2 Nd6 34. Nc5
Qf3 35. Bxa6 Bxd4 36. Nd7 Nf5 37. Rc8+ Kg7 0-1

[Event "European Youth Chess Championship B16"]
[Site "Prague, Top Hotel Prague"]
[Date "2012.08.20"]
[Round "4.29"]
[White "Kanjaryan, Vladimir"]
[Black "Fontaine, Quentin"]
[Result "1-0"]
[WhiteElo "2091"]
[BlackElo "1916"]
[PlyCount "71"]
[EventDate "2012.08.17"]

1. e4 g6 2. d4 Bg7 3. Nf3 d6 4. Bc4 Nf6 5. Qe2 O-O 6. O-O c6 7. Re1 d5 8. exd5
cxd5 9. Bd3 Nc6 10. c3 Bg4 11. Bg5 Rc8 12. Nbd2 h6 13. Bh4 g5 14. Bg3 Nh5 15.
Qe3 Nxg3 16. hxg3 Bxf3 17. Nxf3 e6 18. g4 Re8 19. g3 a6 20. Ne5 b5 21. Kg2 Na5
22. b3 Nc6 23. Rac1 Qb6 24. f4 f6 25. Nd7 Qa7 26. Nc5 e5 27. Bf5 exd4 28. Be6+
Kh8 29. cxd4 Nd8 30. Bxc8 Rxe3 31. Rxe3 Qf7 32. Rce1 Bf8 33. Re8 Nc6 34. Nd7
Kg7 35. Rxf8 Qg6 36. f5 1-0

[Event "European Youth Chess Championship B16"]
[Site "Prague, Top Hotel Prague"]
[Date "2012.08.20"]
[Round "4.30"]
[White "Toman, Ondrej"]
[Black "Slampa, Jan"]
[Result "0-1"]
[WhiteElo "2074"]
[BlackElo "1996"]
[PlyCount "120"]
[EventDate "2012.08.17"]

1. e4 c5 2. Nc3 d6 3. g3 Nc6 4. Bg2 g6 5. d3 Bg7 6. Be3 Rb8 7. Qd2 b5 8. Nge2
b4 9. Nd1 Nd4 10. O-O Qb6 11. h3 Nf6 12. Nxd4 cxd4 13. Bh6 O-O 14. b3 Bxh6 15.
Qxh6 Qc5 16. Qd2 Ba6 17. Nb2 Qc3 18. Nc4 Bxc4 19. Qxc3 bxc3 20. dxc4 Nd7 21. f4
e5 22. a3 a5 23. Rab1 Rfc8 24. h4 Rc7 25. Rfe1 Nc5 26. Bf1 f6 27. a4 Re7 28.
fxe5 dxe5 29. Rbd1 Rd8 30. Bd3 Kg7 31. Kg2 Kf7 32. Rf1 Ke6 33. Rf3 Rf7 34. g4
Rdf8 35. Re1 Kd6 36. Rd1 Kc6 37. Re1 Ne6 38. Bf1 Nf4+ 39. Kg3 Ne6 40. Bd3 Kc5
41. Kh2 Ng7 42. Bf1 Re7 43. Bh3 h5 44. Ref1 hxg4 45. Bxg4 f5 46. Bh3 Rh8 47.
exf5 gxf5 48. Bxf5 Nxf5 49. Rxf5 Rxh4+ 50. Kg3 Re4 51. R1f2 Rg7+ 52. Kh3 Re3+
53. Kh2 Kb4 54. Rf6 e4 55. Rb6+ Ka3 56. Re6 Re1 57. Rf4 Re2+ 58. Kh3 d3 59.
cxd3 exd3 60. Rd6 c2 0-1

[Event "European Youth Chess Championship B16"]
[Site "Prague, Top Hotel Prague"]
[Date "2012.08.20"]
[Round "4.31"]
[White "Urbanc, Peter"]
[Black "Bayramov, Elkhan"]
[Result "0-1"]
[WhiteElo "1931"]
[BlackElo "2069"]
[PlyCount "68"]
[EventDate "2012.08.17"]

1. d4 Nf6 2. c4 g6 3. Nc3 Bg7 4. e4 O-O 5. h3 d6 6. Bg5 h6 7. Be3 Nc6 8. Nge2
a6 9. Qd2 Kh7 10. g4 Ne8 11. Ng3 e5 12. d5 Nd4 13. O-O-O c5 14. Be2 b5 15. h4
b4 16. Nb1 Qa5 17. b3 Qd8 18. h5 g5 19. Nf5 Bf6 20. Bxd4 exd4 21. a4 bxa3 22.
Nxa3 Rb8 23. Qc2 Qa5 24. Nb1 Be5 25. Rd3 Bd7 26. Kd1 Nf6 27. Bf3 Rfe8 28. Ke2
Bf4 29. Nd2 Bxf5 30. gxf5 Nd7 31. b4 Rxb4 32. Rb3 Ne5 33. Kf1 Bxd2 34. Qxd2
Nxf3 0-1

[Event "European Youth Chess Championship B16"]
[Site "Prague, Top Hotel Prague"]
[Date "2012.08.20"]
[Round "4.34"]
[White "Dereshki, Dario"]
[Black "Grandadam, Patrik"]
[Result "1-0"]
[WhiteElo "1938"]
[BlackElo "2237"]
[PlyCount "53"]
[EventDate "2012.08.17"]

1. d4 d5 2. Nf3 e6 3. c4 Nf6 4. Nc3 Bb4 5. Bg5 Nbd7 6. e3 c5 7. cxd5 exd5 8.
Bd3 Qa5 9. Qc2 c4 10. Bf5 O-O 11. O-O Re8 12. Bf4 g6 13. Bh3 Nb6 14. Bxc8 Raxc8
15. Nd2 Bxc3 16. bxc3 Na4 17. Rac1 Ne4 18. Nxe4 dxe4 19. f3 exf3 20. Rxf3 b5
21. Be5 Re7 22. e4 Qb6 23. Bf6 Re6 24. e5 h5 25. Rcf1 a5 26. Qd2 Kh7 27. Bd8
1-0

[Event "European Youth Chess Championship B16"]
[Site "Prague, Top Hotel Prague"]
[Date "2012.08.20"]
[Round "4.35"]
[White "Shen, Yue"]
[Black "Hochshtad, Eyal"]
[Result "0-1"]
[WhiteElo "2139"]
[BlackElo "1958"]
[PlyCount "114"]
[EventDate "2012.08.17"]

1. d4 d5 2. c4 e6 3. g3 Nf6 4. Bg2 c6 5. Nf3 Nbd7 6. Qc2 Bd6 7. O-O O-O 8. b3
b6 9. cxd5 cxd5 10. Qc6 Qc7 11. Qxc7 Bxc7 12. Ba3 Re8 13. Rc1 Bd8 14. Nc3 Ba6
15. Nd2 Be7 16. Bxe7 Rxe7 17. a4 Rc8 18. Nb5 Rxc1+ 19. Rxc1 Bxb5 20. axb5 Ne8
21. e4 Ndf6 22. e5 Ng4 23. Nf3 Rc7 24. Rc6 Kf8 25. h3 Nh6 26. g4 Rxc6 27. bxc6
Ng8 28. Ng5 h6 29. Nh7+ Ke7 30. f4 f6 31. f5 Nc7 32. fxe6 Kxe6 33. Nf8+ Kf7 34.
Nd7 Ne7 35. exf6 gxf6 36. Nb8 Ke6 37. h4 Nb5 38. Kf2 Nxd4 39. c7 Kd6 40. Na6
Ne6 41. Bh3 Nxc7 42. Nb4 Ne6 43. Nc2 Ke5 44. Ne1 Nc5 45. b4 Ne4+ 46. Ke3 d4+
47. Kf3 Ng6 48. Nd3+ Kd5 49. b5 Nxh4+ 50. Kf4 Nc3 51. Bf1 Ke6 52. Nb4 Ng6+ 53.
Kg3 Ne5 54. Kh4 Ne4 55. Be2 Kd6 56. Bf1 Nf2 57. Kg3 Nfxg4 0-1